UBT Library

SMALL KITCHEN MAKING EVERY INCH COUNT (Record no. 39528)

000 -LEADER
fixed length control field 00286nam a22001217a 4500
008 - FIXED-LENGTH DATA ELEMENTS--GENERAL INFORMATION
fixed length control field 171228b xxu||||| |||| 00| 0 eng d
041 ## - LANGUAGE CODE
Language code of text/sound track or separate title eng
080 ## - UNIVERSAL DECIMAL CLASSIFICATION NUMBER
Universal Decimal Classification number 721
100 ## - Rafti
Rafti 41
101 ## - Shkurtesa
Shkurtesa ND
245 ## - TITLE STATEMENT
Title SMALL KITCHEN MAKING EVERY INCH COUNT
Statement of responsibility, etc ROBIN.M
942 ## - ADDED ENTRY ELEMENTS (KOHA)
Source of classification or shelving scheme
Item type Books
Holdings
Withdrawn status Lost status Source of classification or shelving scheme Damaged status Not for loan Collection code Permanent location Current location Shelving location Date acquired Total Checkouts Full call number Barcode Date last seen Price effective from Koha item type
          Koleksioni i përgjithshem UBT - Lipjan UBT - Lipjan Koleksioni i përgjithshem 12/28/2017   721 ROB 002-2994084 12/28/2017 12/28/2017 Books
UBT Library © 2015-2024. All rights reserved University Education for Business and Technology